Term Histoire - ALLEMAGNE ; ITALIE ; URSS. - Statistiques

Statistiques générales
  • Ce quiz a été pris 300 fois
  • Le résultat moyen est 32 sur 75
Statistiques - réponses
Question Réponse % Correct
Oui - Non : Êtes vous prêts ? Oui / Non
97%
Quelle personnalité politique arrive au pouvoir à la suite de cette révolution ? Lénine
76%
Quel terme est utilisé pour designer les régimes politiques de ces états dans la période étudiée ? Totalitarisme / Régimes totalitaires
76%
Quel cadre administratif du parti s'impose progressivement comme l'homme fort du pays ? Staline
73%
En quelle année a lieu une révolution en russie ? 1917
70%
VRAI - FAUX : Cela signifie que les femmes étaient exclues de cette pensée. Faux
68%
VRAI - FAUX : Dans le camp des vainqueurs, elle obtient par conséquent ses revendications. Faux
68%
VRAI ou FAUX : Cela signifie que la majorité absolue des allemands ont voté pour lui aux élections. Faux
68%
VRAI ou FAUX : Cela se fait malgré l'opposition des démocraties européennes. Faux
68%
Quand l'URSS voit-elle le jour ? 1922
67%
Quand ce dernier prend-t-il le pouvoir en Italie ? 1922
67%
Quand Lénine meurt-il ? 1924
66%
OUI - NON : Y-a-t-Il trop de question dans ce quiz ? Non
64%
Malgré les différences de fond, avec quel pays passe-t-il un pacte de non-agression en 1939 ? Allemagne
61%
Avec quelle puissance européenne l'Italie s'allie-t-elle en 1939 à la suite du pacte d'acier ? Allemagne
61%
Quel pays est jugé responsable de la guerre malgré ses plus de deux millions de morts ? Allemagne
61%
Quelle personnalité est rapidement à la tête de ce parti ? (dès 1921) Hitler
61%
Quel homme politique est alors le leader de ce parti ? Mussolini
59%
VRAI - FAUX : Pour le fascisme, l'individu doit pleinement s'oublier dans l'état. Vrai
59%
Comment désigne-t-on le système d'administration des camps de travaux forcés en URSS ? Goulag
58%
Quand ce dernier est-il exilé ? (année symbolisant la prise de pouvoir personnel de l'homme d'acier) 1929
57%
Quel pays s'entendent-ils à attaquer conjointement ? Pologne
56%
Quel pays peut-il alors attaquée ensuite ? Pologne
56%
Auprès de quelle grande puissance européenne l'Italie termine-t-elle la guerre ? France / Royaume-Uni
55%
Quel parti politique émerge dans ce contexte de crises multiples en Allemagne ? Parti nazi / NSDAP
54%
à quel poste est-il nommé ? Chancelier
52%
à l'inverse, qui constitue la race inférieure par excellence selon lui ? Juifs
47%
Pour Hitler, quelle "race" serait supérieure aux autres ? race aryenne / aryen
45%
Avec qui pays décide-t-il de passer un pacte malgré une haine de l'idéologie prônée par ce pays ? URSS
45%
Quel traité de paix est signé entre les alliés et l'Allemagne à l'issu du premier conflit mondial ? Versailles
45%
Quel sigle désigne la police politique en URSS ? NKVD
42%
Quels accords permettent cette annexion ? Accords de Munich
41%
Quel groupe politique est alors accusé de cela ? Communiste
41%
Quel pays africain l'Italie entame-t-il la conquête en 1935 ? Ethiopie
41%
Elle s'oppose alors à quel type de régime ? Fasciste / Fascisme
41%
Quelle personnalité, incarnant un communisme révolutionnaire, est son opposant ? Trotski
41%
Dans quelle guerre civile apporte-t-il son aide aux nationalistes avec l'Italie ? Guerre d'Espagne
40%
Comment désigne-t-on la nuit de violence, faisant plus de 90 morts, à l'encontre de cette population ? La Nuit de cristal
39%
Où tente-t-il un coup d'état qui échoue en 1923 ? Munich
39%
Hitler prend alors quel titre afin de marquer sa prise de pouvoir personnel ? Fuhrer
37%
Dans quelle guerre l'URSS intervient-elle indirectement afin d'aider les Républicains dans les années 30 ? Espagne
36%
Quand prend-t-il légalement le pouvoir ? (date précise attendue) 30 janvier 1933
35%
Dans quelle organisation l'URSS rentre-t-elle en 1934 afin de se rapprocher des démocraties européennes ? (sigle attendu). SDN
35%
Quel surnom prend le dirigeant italien ? Duce
34%
Commente dénomme-t-on la période de répression politique en cours en URSS dans les années 30 ? Elle se traduit notamment par de grands procès contre des opposants supposés. grandes purges / grande terreur
34%
Quelle composante de la population est l'idéal à atteindre pour Staline ? Ouvrier
34%
Quelle organisation internationale est discréditée à la suite de l'invasion de ce pays par un autre état membre ? (sigle attendu) SDN
34%
Dans quelle organisation pour la jeunesse sont-ils formés ? Jeunesse hitlérienne
33%
Comment désignait-on, de façon péjoratif, les fermiers possédant la terre dans l'ancienne Russie ? Koulak
33%
Quel est le surnom de Staline ? Vojd / Petit père des peuples
33%
Par quoi se traduit le contexte social en Italie ? (dans différentes usines). Grève
32%
Une large propagande se met alors en place. Qui en est le responsable politique ? Joseph Goebbels
32%
Comment désigne-t-on le régime politique mis en place en Allemagne après la Première Guerre mondiale ? République de Weimar
32%
Quel endroit, siège du parlement allemand, est incendié en Février 1933 ? Reichstag
31%
Qui le nomme alors chef du gouvernement ? Roi / Victor Emmanuel
30%
Quel camp de concentration voit le jour dès 1933 afin d'y enfermer (entre autre) opposant politique, communiste, homosexuel et juifs ? Dachau
29%
Quel évènement déclenche cette prise de pouvoir ? La marche sur Rome
27%
Comment désigne-t-on le processus d'annexion de l'Autriche en 1938 ? Anschluss
25%
Qu'entreprend le dirigeant soviétique afin de mettre fin à ce système et en mettant en place un système agraire partagé ? collectivisation
25%
Quelle philosophe a utilisé ce terme après la Seconde Guerre mondiale pour désigner ces états ? Hannah Arendt
25%
Quel mot soviétique désigne les organisations encadrant la jeunesse en URSS ? Komsomol
25%
Par quels lois sont-ils exclus de la société allemande dès 1935 ? Lois de Nuremberg
25%
Quel autre pays voit une de ses régions annexées cette année-ci ? Tchécoslovaquie
25%
Comment surnomme-t-on ce traité dans ce pays ? Diktat
24%
Quelle expression est utilisée pour évoquer le sentiment italien après la Première Guerre mondiale ? victoire mutilée
24%
Qui décide de le nommer à ce poste ? Hindenburg
23%
Qui personnifie cet idéal ? Stakhanov
23%
Quel opposant politique est alors assassiné en 1924 ? Matteotti
21%
Quand le président allemand meurt-il ? (Mois et année) Aout 1934
19%
Quelle date exactement ? 1er septembre 1939
17%
Quelle date exactement ? 23 août 1939
17%
comment dénomme-t-on l'organisation encadrant la jeunesse en Italie ? Balilla
17%
Ce contexte politique et social explique la montée de quelle partie politique au début des années 20 ? PNF / Parti national fasciste
16%
Il profite alors de ce contexte pour faire passer différentes lois répressives : Comment les dénomme-t-on ? lois fascistissimes
14%
Quel mot allemand, compliqué, est utilisé pour désigner le fantasme de la trahison juive de l'intérieur pour justifier la défaite ? dolchstosslegende
10%
Aucun quiz correspondant
Distribution des résultats
% des personnes avec chaque résultat
Percentile par nombre de réponses
Votre historique - résultats
Vous n’avez pas pris ce quiz